[Event "Hamm- Brackel 3"]
[Site "?"]
[Date "2022.09.25"]
[Round "2.3"]
[White "Althoff, Ralph"]
[Black "Voss, Hubertus"]
[Result "1-0"]
[WhiteElo "2002"]
[BlackElo "2070"]
[PlyCount "113"]
[SourceDate "2022.10.02"]

1. d4 Nf6 2. Nf3 d5 3. Bf4 e6 4. e3 Be7 5. Nbd2 O-O 6. Bd3 b6 7. Qe2 Bb7 8. Ne5
c5 9. c3 Ne4 10. Rd1 f6 11. Nef3 Nd7 12. Bg3 f5 13. Ne5 Nxg3 14. hxg3 Nxe5 15.
dxe5 Qe8 16. g4 g6 17. f4 Qc6 18. Bb5 Qc7 19. g5 Rad8 20. Nf3 a6 21. Bd3 b5 22.
Kf2 c4 23. Bc2 Bc5 24. Nd4 Bxd4 25. Rxd4 Rf7 26. g4 fxg4 27. Kg3 Qe7 28. Qxg4
Qe8 29. Rh6 Rg7 30. Bd1 Rdd7 31. Qh3 Rde7 32. Bg4 Bc6 33. Qh1 Qa8 34. Qd1 Qb7
35. Rh2 Re8 36. Rhd2 Rf7 37. Bh3 Ree7 38. Bg2 Rf8 39. Qc1 Ref7 40. b3 cxb3 41.
axb3 a5 42. Bh3 Qe7 43. c4 bxc4 44. bxc4 h5 45. Qb1 Kh7 46. Qb6 Qe8 47. Bg2 Rb7
48. Qc5 h4+ 49. Kxh4 Rb4 50. cxd5 Rxd4 51. Rxd4 exd5 52. Bxd5 Bxd5 53. Qxd5 Rf7
54. Qxa5 Qh8 55. Rd8 Qg7 56. Qd5 Re7 57. Kg4 1-0

[Event "Hamm- Brackel 3"]
[Site "?"]
[Date "2022.09.25"]
[Round "2.4"]
[White "Woertler, Lars"]
[Black "Al Tarboush, Hussam"]
[Result "0-1"]
[WhiteElo "1935"]
[BlackElo "1983"]
[PlyCount "54"]
[SourceDate "2022.10.02"]

1. d4 Nf6 2. Nf3 e6 3. Bf4 d5 4. e3 c5 5. Nc3 a6 6. Bd3 c4 7. Be2 b5 8. O-O Bb7
9. Ne5 Nc6 10. Bg3 Nxe5 11. dxe5 Nd7 12. Qd2 Bc5 13. Rad1 Qb6 14. Rfe1 Bc6 15.
Bf1 Qc7 16. f4 Qb6 17. Bf2 f6 18. f5 fxe5 19. fxe6 Nf6 20. Bh4 b4 21. Nb1 Ng4
22. Qe2 Nxe3 23. Kh1 Nxd1 24. Qh5+ g6 25. Qxe5 Bd4 26. Qd6 Nf2+ 27. Bxf2 Bxf2
0-1

[Event "Hamm- Brackel 3"]
[Site "?"]
[Date "2022.09.25"]
[Round "2.5"]
[White "Seref, Serkan"]
[Black "Brieger, Sebastian"]
[Result "1/2-1/2"]
[WhiteElo "1713"]
[BlackElo "1841"]
[PlyCount "39"]
[SourceDate "2022.10.02"]

1. e4 c5 2. Nf3 e6 3. d4 cxd4 4. Nxd4 Nc6 5. Nc3 Qc7 6. g3 a6 7. Bg2 Nf6 8. O-O
Nxd4 9. Qxd4 Bc5 10. Qd3 h6 11. a3 Ng4 12. Qe2 Ne5 13. Kh1 Bd4 14. Nd1 Qc4 15.
Qxc4 Nxc4 16. c3 Ba7 17. b3 Na5 18. Rb1 d6 19. Be3 b6 20. c4 1/2-1/2

[Event "Hamm- Brackel 3"]
[Site "?"]
[Date "2022.09.25"]
[Round "2.6"]
[White "Boelling, Andreas"]
[Black "Truemper, Michael"]
[Result "1/2-1/2"]
[WhiteElo "1780"]
[BlackElo "1837"]
[PlyCount "43"]
[SourceDate "2022.10.02"]

1. e4 d5 2. exd5 Qxd5 3. d4 Nf6 4. Nc3 Qa5 5. Bd2 c6 6. Nf3 Bg4 7. h3 Bh5 8.
Be2 e6 9. O-O Be7 10. Ne5 Bxe2 11. Qxe2 Qb6 12. Qd3 Nbd7 13. Nc4 Qc7 14. Rfe1
O-O 15. Qf3 Nb6 16. Bf4 Qd8 17. Nxb6 axb6 18. Rad1 Bb4 19. a3 Bxc3 20. Qxc3 Nd5
21. Qg3 Nxf4 22. Qxf4 1/2-1/2

[Event "Hamm- Brackel 3"]
[Site "?"]
[Date "2022.09.25"]
[Round "2.7"]
[White "Gromov, Alexander"]
[Black "Fluegel, Thomas"]
[Result "0-1"]
[WhiteElo "1796"]
[BlackElo "1778"]
[PlyCount "102"]
[SourceDate "2022.10.02"]

1. e4 e6 2. d4 d5 3. Nd2 Nf6 4. e5 Nfd7 5. Bd3 c5 6. c3 Nc6 7. Ne2 cxd4 8. cxd4
f6 9. exf6 Nxf6 10. Nf3 Bd6 11. O-O O-O 12. a3 Qc7 13. Ng3 Bd7 14. b4 a6 15.
Bb2 Rae8 16. Qc2 Re7 17. Rfe1 g6 18. Re2 Ng4 19. Ne5 Bxe5 20. dxe5 Ref7 21. Rf1
Qb6 22. h3 Nh6 23. Bxg6 hxg6 24. Qxg6+ Rg7 25. Qxh6 Rxg3 26. Kh2 Rg7 27. Re3
Qd8 28. Rg3 Rff7 29. Rxg7+ Rxg7 30. f4 Ne7 31. g4 Qc7 32. Rf2 Qb6 33. Qh4 Qe3
34. f5 Rh7 35. Qg3 Qxg3+ 36. Kxg3 exf5 37. gxf5 Nxf5+ 38. Kh2 Be6 39. Rg2+ Rg7
40. Rf2 Rh7 41. Rf3 Rc7 42. Rf2 d4 43. Kg2 Rc2 44. Rxc2 Ne3+ 45. Kf3 Nxc2 46.
h4 Bf5 47. Ke2 Kf7 48. Kf3 Ke6 49. Kf4 d3 50. Bc3 Nxa3 51. Ke3 Nc4+ 0-1

[Event "Hamm- Brackel 3"]
[Site "?"]
[Date "2022.09.25"]
[Round "2.8"]
[White "Sewarte, Jochen"]
[Black "Pillat, Andreas"]
[Result "1/2-1/2"]
[WhiteElo "1577"]
[BlackElo "1639"]
[PlyCount "50"]
[SourceDate "2022.10.02"]

1. e4 c5 2. c3 d5 3. exd5 Qxd5 4. Nf3 Nc6 5. Be2 Nf6 6. O-O Bg4 7. d4 cxd4 8.
Nxd4 Bxe2 9. Nxe2 Rd8 10. Qc2 e6 11. Be3 Bc5 12. Bxc5 Qxc5 13. Nd2 O-O 14. Nb3
Qe7 15. Rad1 Qc7 16. Nbd4 Ng4 17. g3 Nge5 18. Qe4 Rfe8 19. Nxc6 Nxc6 20. Nd4
Nxd4 21. Rxd4 Rxd4 22. Qxd4 b6 23. Rd1 Kf8 24. Kf1 f6 25. Qd7 Re7 1/2-1/2

[Event "Rüttenscheid- Ahlen"]
[Site "?"]
[Date "2022.09.25"]
[Round "2.1"]
[White "Huckebrink, Chris"]
[Black "Michalek, Christoph"]
[Result "1/2-1/2"]
[WhiteElo "2145"]
[BlackElo "2159"]
[Annotator "danie"]
[PlyCount "151"]
[SourceDate "2022.10.02"]

1. Nf3 d5 2. g3 Nf6 3. Bg2 Bg4 4. Ne5 Bf5 5. c4 c6 6. Qb3 Nbd7 7. d4 Qb6 8.
Nxd7 Bxd7 9. Qxb6 axb6 10. cxd5 cxd5 11. O-O e6 12. Bf4 Rc8 13. Nd2 Nh5 14. Be3
Bd6 15. Rfc1 Ke7 16. Nf3 f6 17. Ne1 g5 18. Rxc8 Rxc8 19. Rc1 Ra8 20. a3 Bb5 21.
Bf3 Ng7 22. Bd2 Nf5 23. e3 Kd7 24. Nc2 Rc8 25. Ne1 Rc6 26. Bd1 h6 27. Bh5 Be7
28. Nc2 Nd6 29. Nb4 Rxc1+ 30. Bxc1 Nc4 31. Bd1 Na5 32. Kg2 f5 33. f3 Nc6 34.
Bd2 $11 Kd6 35. a4 Ba6 36. Nxa6 bxa6 37. Be2 a5 38. Bb5 Bf6 39. f4 g4 40. Kf1
h5 41. Ke2 h4 42. Be1 h3 43. Kd3 Kc7 44. Ke2 Be7 45. Bd2 Nd8 46. Be1 Bb4 47.
Bxb4 axb4 48. Bd3 Nc6 49. b3 Na5 50. Bc2 b5 51. axb5 Kb6 52. Kd2 Kxb5 53. Bd3+
Kc6 54. Kc2 Nb7 55. Kd2 Nd6 56. Ke2 Nc8 57. Ke1 Ne7 58. Kf1 Ng6 59. Kf2 Kd6 60.
Bc2 Ne7 61. Ke2 Nc6 62. Kd2 Ke7 63. Ke2 Kf6 64. Kd2 Ne7 65. Ke2 Ng6 66. Kf2 Nf8
67. Ke2 Nd7 68. Bd3 Kg6 69. Ke1 Nb8 70. Bb5 Kf6 71. Kd2 Ke7 72. Kc2 Kd6 73. Kd2
Kc7 74. Ke2 Kb6 75. Ba4 Kc7 76. Bb5 1/2-1/2

[Event "Rüttenscheid- Ahlen"]
[Site "?"]
[Date "2022.09.25"]
[Round "2.2"]
[White "Dorgarten, Armin"]
[Black "Steinle, Carsten"]
[Result "1/2-1/2"]
[WhiteElo "1933"]
[BlackElo "2079"]
[PlyCount "84"]
[SourceDate "2022.10.02"]

1. d4 e6 2. Nc3 b6 3. Bf4 Bb7 4. e3 f5 5. Nf3 Nf6 6. a3 Be7 7. Be2 O-O 8. Qd2
c5 9. O-O-O d5 10. Ne5 Nc6 11. f3 Nxe5 12. Bxe5 Bd6 13. Bxd6 Qxd6 14. f4 Rac8
15. Kb1 cxd4 16. exd4 a6 17. h4 b5 18. h5 h6 19. Rhg1 Rf7 20. g4 fxg4 21. Bxg4
Rcf8 22. Ne2 Ne4 23. Qe3 a5 24. Rg2 b4 25. a4 Ba6 26. Rdg1 Kh8 27. Bf3 Bxe2 28.
Bxe2 Qxf4 29. Qxf4 Rxf4 30. Rxg7 Ng5 31. Rg6 R8f6 32. Rxf6 Rxf6 33. Bd3 Rf4 34.
c3 Rf3 35. Kc2 b3+ 36. Kd2 Rf2+ 37. Kc1 Kg7 38. Rf1 Rh2 39. Bg6 Rg2 40. Bd3 Rh2
41. Bg6 Rg2 42. Bd3 Nh3 1/2-1/2

[Event "Rüttenscheid- Ahlen"]
[Site "?"]
[Date "2022.09.25"]
[Round "2.3"]
[White "Torres- Kuckel, Rafael"]
[Black "Kreitling, Oliver"]
[Result "1-0"]
[WhiteElo "2120"]
[BlackElo "1897"]
[PlyCount "61"]
[SourceDate "2022.10.02"]

1. e4 c6 2. d4 d5 3. exd5 cxd5 4. c4 Nf6 5. Nc3 Nc6 6. Bg5 dxc4 7. d5 Ne5 8.
Nf3 Qd6 9. Bxc4 Nxc4 10. Qa4+ Bd7 11. Qxc4 Rc8 12. Qd4 Qc5 13. Qd2 h6 14. Be3
Qa5 15. O-O g6 16. Rfe1 Bg7 17. Bf4 Kf8 18. h3 Re8 19. Rac1 Kg8 20. Ne5 Bf5 21.
a3 Nd7 22. Nc4 Qc5 23. Nd6 Rf8 24. Rxe7 Nf6 25. Nxf5 gxf5 26. Rxb7 Rc8 27. Qd3
h5 28. Qxf5 h4 29. Bg5 Rh5 30. Qf4 Nxd5 31. Qxf7+ 1-0

[Event "Rüttenscheid- Ahlen"]
[Site "?"]
[Date "2022.09.25"]
[Round "2.4"]
[White "Furchtbar, Uwe"]
[Black "Volesky, Alexander"]
[Result "1/2-1/2"]
[WhiteElo "1896"]
[BlackElo "2024"]
[PlyCount "94"]
[SourceDate "2022.10.02"]

1. d4 Nf6 2. Nf3 e6 3. Bg5 Be7 4. e3 b6 5. Bd3 Bb7 6. Nbd2 d6 7. O-O Nbd7 8.
Qe2 O-O 9. c3 Nd5 10. Bxe7 Qxe7 11. a3 f5 12. c4 N5f6 13. e4 fxe4 14. Nxe4 Rae8
15. Nfd2 e5 16. d5 Bc8 17. b4 Nxe4 18. Nxe4 Nf6 19. Nxf6+ Rxf6 20. Be4 Ref8 21.
f3 Rh6 22. Rac1 Ba6 23. Rf2 Qf7 24. Qe3 Bb7 25. Rd2 Qf4 26. Qxf4 Rxf4 27. c5
Rf7 28. cxb6 cxb6 29. b5 Rhf6 30. Rdc2 g5 31. g4 Re7 32. Kf2 Rff7 33. Ke3 Kf8
34. Kd3 Ke8 35. Kc4 Rc7+ 36. Kb4 Rc5 37. Rxc5 dxc5+ 38. Kc4 Rf4 39. h4 gxh4 40.
Rh1 h6 41. Rxh4 Bc8 42. Kd3 Rf6 43. Rh5 Ke7 44. Rxe5+ Kd6 45. Rh5 a6 46. Kc4
Bb7 47. a4 Bc8 1/2-1/2

[Event "Rüttenscheid- Ahlen"]
[Site "?"]
[Date "2022.09.25"]
[Round "2.5"]
[White "Woestmann, Ulrich"]
[Black "Storp, Thomas"]
[Result "1/2-1/2"]
[WhiteElo "2016"]
[BlackElo "1874"]
[PlyCount "61"]
[SourceDate "2022.10.02"]

1. e4 c5 2. Nc3 Nc6 3. g3 g6 4. Bg2 Bg7 5. d3 d6 6. f4 Nf6 7. Nf3 a6 8. O-O O-O
9. h3 Rb8 10. a4 e6 11. Kh2 Nd7 12. Re1 b6 13. Ne2 Bb7 14. c3 Ra8 15. Be3 Qc7
16. Qd2 Na5 17. Rad1 c4 18. Nc1 Nc5 19. Bxc5 dxc5 20. dxc4 Nxc4 21. Qe2 Nd6 22.
e5 Nf5 23. Nd3 Rfd8 24. Nf2 Rxd1 25. Nxd1 Rd8 26. Ne3 Nxe3 27. Qxe3 Bf8 28. Re2
Be7 29. c4 Bc6 30. b3 Rd7 31. Rd2 1/2-1/2

[Event "Rüttenscheid- Ahlen"]
[Site "?"]
[Date "2022.09.25"]
[Round "2.6"]
[White "Koprek, Juergen"]
[Black "Busche, Klaus"]
[Result "1-0"]
[WhiteElo "1843"]
[BlackElo "1966"]
[PlyCount "45"]
[SourceDate "2022.10.02"]

1. d4 d5 2. c4 Nc6 3. cxd5 Qxd5 4. e3 e5 5. Nc3 Bb4 6. Bd2 Bxc3 7. Bxc3 exd4 8.
Ne2 Nf6 9. Nxd4 O-O 10. Nb5 Qg5 11. Qf3 Ne8 12. Be2 a6 13. Nd4 Nxd4 14. Bxd4
Nd6 15. O-O Bf5 16. Rfc1 Be4 17. Qg3 Qxg3 18. hxg3 Bc6 19. Rc2 Rfc8 20. Rac1
Kf8 21. Bf3 Bxf3 22. gxf3 c6 23. Bc5 1-0

[Event "Rüttenscheid- Ahlen"]
[Site "?"]
[Date "2022.09.25"]
[Round "2.7"]
[White "Starp, Klaus"]
[Black "Richters, Marc"]
[Result "1-0"]
[WhiteElo "1878"]
[BlackElo "1915"]
[PlyCount "99"]
[SourceDate "2022.10.02"]

1. e4 c5 2. Nf3 d6 3. d3 g6 4. g3 Bg7 5. Bg2 Nc6 6. O-O e5 7. Be3 Nge7 8. Qd2
h6 9. Nc3 Nd4 10. Ne1 Be6 11. Nd1 Qd7 12. c3 Ndc6 13. Nc2 g5 14. d4 exd4 15.
cxd4 d5 16. exd5 Nxd5 17. dxc5 Ne5 18. Na3 g4 19. Rc1 Nf3+ 20. Bxf3 gxf3 21.
Nc4 Nxe3 22. Qxd7+ Kxd7 23. fxe3 Bd5 24. Nf2 Bc6 25. Nd3 Ke6 26. Nf4+ Ke7 27.
Nh5 Bf8 28. Ne5 Be4 29. Nxf3 Bd3 30. Rf2 Rd8 31. Ne5 Rd5 32. Nxd3 Rxd3 33. Nf4
Rd7 34. Rcc2 Bg7 35. Rfd2 Rxd2 36. Rxd2 Rc8 37. b4 a5 38. a3 Ke8 39. Nd5 f5 40.
Kf2 Kf7 41. Nb6 Rc7 42. Rd5 Ke6 43. Kf3 Rc6 44. Rd3 h5 45. e4 fxe4+ 46. Kxe4
Rc7 47. Rd6+ Kf7 48. Nd5 Rc8 49. Rd7+ Kg6 50. Ne7+ 1-0

[Event "Rüttenscheid- Ahlen"]
[Site "?"]
[Date "2022.09.25"]
[Round "2.8"]
[White "Bruckmann, Jochen"]
[Black "Jaeger, Niklas"]
[Result "0-1"]
[WhiteElo "1775"]
[BlackElo "1782"]
[PlyCount "104"]
[SourceDate "2022.10.02"]

1. d4 e6 2. c4 Nf6 3. Nc3 Bb4 4. a3 Bxc3+ 5. bxc3 b6 6. e3 Bb7 7. f3 d6 8. e4
Nbd7 9. Bd3 e5 10. Ne2 Ng8 11. O-O Ne7 12. f4 O-O 13. f5 Nc6 14. Be3 Na5 15. g4
Qh4 16. Ng3 Nf6 17. g5 Nxe4 18. Bxe4 Bxe4 19. dxe5 dxe5 20. Qe2 Bb7 21. c5 Rad8
22. Rab1 Bd5 23. Rb4 Bc4 24. Qf2 Qh3 25. Re1 Rd3 26. cxb6 axb6 27. Bd2 f6 28.
Re4 Rfd8 29. Rbxc4 Nxc4 30. Be1 Nd2 31. Re3 Rxe3 32. Qxe3 Nc4 33. Qe4 Nd6 34.
Qd5+ Kf8 35. g6 hxg6 36. fxg6 Qg4 37. Qd3 Qc4 38. Qf3 e4 39. Qh5 Qc5+ 40. Qxc5
bxc5 41. Bf2 c4 42. Bc5 Re8 43. a4 Kg8 44. a5 Nb7 45. Bb4 c5 46. a6 cxb4 47.
axb7 b3 48. Nxe4 b2 49. Nd2 Re1+ 50. Kf2 b1=Q 51. Nxb1 Rxb1 52. b8=Q+ Rxb8 0-1

[Event "Dortmunder SV 1 - SV Welper 2"]
[Site "Verbandsklasse, Gr. 1 2022/20"]
[Date "2022.09.25"]
[Round "2"]
[White "Marx, Patrick"]
[Black "Schulenburg, Pit"]
[Result "1/2-1/2"]
[WhiteElo "1963"]
[BlackElo "2038"]
[PlyCount "98"]
[EventDate "2022.??.??"]
[SourceDate "2022.10.02"]

1. d4 Nf6 2. Nf3 d5 3. Bg5 e6 4. e3 Be7 5. Bd3 Nbd7 6. Nbd2 O-O 7. O-O h6 8.
Bh4 c5 9. c3 b6 10. Ne5 Nxe5 11. dxe5 Nd7 12. Bxe7 Qxe7 13. f4 Bb7 14. Qe2 f6
15. exf6 Rxf6 16. e4 e5 17. exd5 Bxd5 18. Bc4 Bxc4 19. Qxc4+ Qe6 20. fxe5 Qxc4
21. Nxc4 Re6 22. Rad1 Re7 23. Rd5 Rae8 24. Nd6 Rxe5 25. Rxe5 Rxe5 26. Rf7 Nf6
27. Rxa7 Rd5 28. Nc4 Rd1+ (28... Ng4 29. Kf1 b5 30. h3) 29. Kf2 b5 30. Ne3 Rd2+
31. Kf3 Rxb2 32. Nf5 Ne8 33. h4 h5 34. Re7 Kf8 35. Re5 b4 36. Rxc5 bxc3 37.
Rxc3 Rxa2 38. Rc8 Kf7 39. Rxe8 Kxe8 40. Nxg7+ Kf7 41. Nxh5 Ra8 42. Kf4 Rh8 43.
Kg4 Rg8+ 44. Kf3 Rh8 45. Kg4 Rg8+ 46. Kh3 Kg6 47. Nf4+ Kf5 48. g3 Ra8 49. Nh5
Rg8 {(=)} 1/2-1/2

[Event "Dortmunder SV 1 - SV Welper 2"]
[Site "Verbandsklasse, Gr. 1 2022/20"]
[Date "2022.09.25"]
[Round "2"]
[White "Mallee, Ralph"]
[Black "Sharma, Danesh"]
[Result "1/2-1/2"]
[WhiteElo "2067"]
[BlackElo "1887"]
[PlyCount "74"]
[EventDate "2022.??.??"]
[SourceDate "2022.10.02"]

1. e4 e5 2. Nf3 Nc6 3. Bb5 a6 4. Ba4 Nf6 5. O-O b5 6. Bb3 Be7 7. d4 d6 8. c3
Bg4 9. Re1 O-O 10. Be3 Na5 11. Bc2 Nc4 12. Bc1 c5 13. b3 Nb6 14. dxe5 Bxf3 15.
Qxf3 dxe5 16. Nd2 c4 17. bxc4 bxc4 18. Nf1 Qc7 19. Ne3 g6 20. Ng4 Nxg4 21. Qxg4
Bc5 22. Bh6 Rfd8 23. Rad1 Qe7 24. Qg3 f6 25. Be3 Kg7 26. Qh3 Bxe3 27. Qxe3 Qc7
28. g3 g5 29. Rxd8 Rxd8 30. Rd1 Rd6 31. Kg2 Qd8 32. Rxd6 Qxd6 33. Bd1 Qxd1 34.
Qxb6 {(=)} Qd3 35. Qb7+ Kg6 36. Qc6 g4 37. Qe8+ Kg7 1/2-1/2

[Event "Dortmunder SV 1 - SV Welper 2"]
[Site "Verbandsklasse, Gr. 1 2022/20"]
[Date "2022.09.25"]
[Round "2"]
[White "Teich, Udo"]
[Black "Brockmann, Fabian"]
[Result "0-1"]
[WhiteElo "1846"]
[BlackElo "1929"]
[PlyCount "112"]
[EventDate "2022.??.??"]
[SourceDate "2022.10.02"]

1. Nf3 g6 2. c4 Bg7 3. d4 Nf6 4. Nc3 O-O 5. g3 d6 6. Bg2 c5 7. O-O Nc6 8. h3
Nxd4 9. Nxd4 cxd4 10. Qxd4 Be6 11. Qh4 Rc8 12. Nd5 b5 13. e4 bxc4 14. Bg5 Bxd5
15. exd5 Qa5 16. Rfd1 Rc7 17. Bd2 Qb6 18. Bc3 Ne8 19. Rac1 Bxc3 20. Rxc3 Qxb2
21. Rxc4 Rxc4 22. Qxc4 Ng7 23. Re1 e5 24. Re2 Qb1+ 25. Kh2 Nf5 26. Be4 Qf1 27.
Bxf5 gxf5 28. Qc2 Rb8 29. Qd2 f4 30. Re1 Qc4 31. gxf4 Qxf4+ 32. Qxf4 exf4 33.
Re2 Rb5 34. Rd2 Kg7 35. Kg2 Kf6 36. Kf3 Rb4 37. Re2 Rd4 38. Kg4 Kg6 39. h4 h5+
40. Kf3 Kf6 41. Re4 Rxd5 42. Ra4 a5 43. Kxf4 Rb5 44. a3 Ke6 45. f3 Re5 46. Rc4
Kd7 47. Rc3 f6 48. Rb3 Kc7 49. Rb2 d5 50. Rc2+ Kd6 51. Rc8 d4 52. Rf8 Kc5 53.
Rxf6 Rd5 54. Rg6 d3 55. Rg1 Kd4 56. Rd1 Kc3 0-1

[Event "Dortmunder SV 1 - SV Welper 2"]
[Site "Verbandsklasse, Gr. 1 2022/20"]
[Date "2022.09.25"]
[Round "2"]
[White "Alarand, Beshr"]
[Black "Leimkühler, Dirk"]
[Result "1-0"]
[WhiteElo "1919"]
[BlackElo "1842"]
[PlyCount "95"]
[EventDate "2022.??.??"]
[SourceDate "2022.10.02"]

1. e4 d5 2. exd5 Qxd5 3. Nf3 Nf6 4. Nc3 Qd6 5. d4 c6 6. Be2 Bg4 7. h3 Bxf3 8.
Bxf3 e6 9. O-O Be7 10. Ne4 Nxe4 11. Bxe4 Nd7 12. c3 Nf6 13. Bc2 Nd5 14. Qf3 O-O
15. Re1 Rad8 16. a3 b5 17. Qe4 Nf6 18. Qh4 g6 19. Bf4 Qd7 20. Qh6 Nd5 21. Be5
Bf6 22. Re4 Bxe5 23. dxe5 f5 24. exf6 Rxf6 25. Rd1 Qf7 26. Rd2 Rf8 27. Qh4 a6
28. a4 c5 29. axb5 axb5 30. c4 Ne7 31. cxb5 Nf5 32. Qg5 h6 33. Qf4 Nd4 34. Qe3
g5 35. b4 Qh5 36. bxc5 Nxc2 37. Qc3 Na3 38. Qxa3 Rxf2 39. Rxf2 Qd1+ 40. Kh2
Rxf2 41. Qa8+ Rf8 42. Qc6 Qc1 43. Qxe6+ Kg7 44. Qd7+ Rf7 45. Qd4+ Kh7 46. Re8
Qf1 47. Qh8+ Kg6 48. Re6+ 1-0

[Event "Dortmunder SV 1 - SV Welper 2"]
[Site "Verbandsklasse, Gr. 1 2022/20"]
[Date "2022.09.25"]
[Round "2"]
[White "Sharma, Rakesh"]
[Black "Meinike, Thorsten"]
[Result "1/2-1/2"]
[WhiteElo "1795"]
[BlackElo "1778"]
[PlyCount "73"]
[EventDate "2022.??.??"]
[SourceDate "2022.10.02"]

1. d4 d5 2. Bg5 Nf6 3. Bxf6 exf6 4. e3 Bd6 5. Bd3 O-O 6. h3 Be6 7. Nf3 Nd7 8.
O-O Re8 9. Nbd2 f5 10. c4 c6 11. Qc2 g6 12. Rfe1 Nf6 13. c5 Bc7 14. Ne5 Ne4 15.
b4 f6 16. Nef3 Bd7 17. a4 Kg7 18. Nf1 a6 19. Rab1 Qe7 20. b5 axb5 21. axb5 Ba5
22. N3d2 Nc3 23. bxc6 Bxc6 24. Ra1 Ne4 25. Reb1 Qd7 26. Nb3 Bc7 27. Rxa8 Rxa8
28. f3 Ng3 29. Nxg3 Bxg3 30. e4 fxe4 31. fxe4 Re8 32. exd5 Qxd5 33. Bc4 Qe4 34.
Qxe4 Rxe4 35. Rc1 Re1+ 36. Rxe1 Bxe1 37. Kf1 1/2-1/2

[Event "Dortmunder SV 1 - SV Welper 2"]
[Site "Verbandsklasse, Gr. 1 2022/20"]
[Date "2022.09.25"]
[Round "2"]
[White "Wolff, Torsten"]
[Black "Heidt, Viktor"]
[Result "1/2-1/2"]
[WhiteElo "1864"]
[BlackElo "1754"]
[PlyCount "103"]
[EventDate "2022.??.??"]
[SourceDate "2022.10.02"]

1. d4 Nf6 2. c4 e6 3. Nf3 Bb4+ 4. Bd2 a5 5. a3 Bxd2+ 6. Nbxd2 O-O 7. e3 d6 8.
Qc2 Nbd7 9. Bd3 Qe7 10. O-O e5 11. b4 Re8 12. e4 exd4 13. Nxd4 Ne5 14. f3 Bd7
15. Rfc1 b6 16. Bf1 axb4 17. axb4 Rxa1 18. Rxa1 Nc6 19. Nxc6 Bxc6 20. Qc3 Ra8
21. Rxa8+ Bxa8 22. Nb3 Nd7 23. Qa1 Qd8 24. Nd4 Bb7 25. Nf5 f6 26. Qa2 Kf8 27.
Qd2 Qe8 28. Qa2 Qa8 29. Qb2 Qe8 30. Qa2 Qa8 31. Qf2 g6 32. Nd4 Ke7 33. Qh4 Qg8
34. Qf2 Qa8 35. Qd2 Qf8 36. Nb5 Kd8 37. Nd4 Kc8 38. Qa2 Qe7 39. Qd2 Qe5 40. g3
c6 41. Bh3 Qe7 42. Qd1 Kb8 43. Kf2 Nf8 44. Qa4 Kc7 45. b5 c5 46. Nc6 Qe8 47.
Qa7 h5 48. Qa1 Nh7 49. Qa7 Qa8 50. Qxa8 Bxa8 51. Ne7 Nf8 52. Nd5+ 1/2-1/2

[Event "Dortmunder SV 1 - SV Welper 2"]
[Site "Verbandsklasse, Gr. 1 2022/20"]
[Date "2022.09.25"]
[Round "2"]
[White "Nürnberger, David"]
[Black "Lanwehr, Klaus"]
[Result "1-0"]
[WhiteElo "1602"]
[BlackElo "1767"]
[PlyCount "196"]
[EventDate "2022.??.??"]
[SourceDate "2022.10.02"]

1. e4 d6 2. d4 Nf6 3. Bd3 e5 4. d5 c6 5. c4 Be7 6. Nc3 O-O 7. Nge2 Nbd7 8. O-O
Nc5 9. Bc2 Qb6 10. b3 Bg4 11. Be3 Qa5 12. f3 Bh5 13. Qd2 Rad8 14. a3 Ncd7 15.
b4 Qc7 16. a4 Rfe8 17. Bd3 c5 18. Rfb1 b6 19. Ra2 cxb4 20. Nb5 Qb7 21. Rxb4 a5
22. Rb1 Rb8 23. Rab2 Rec8 24. Nc1 Nc5 25. Nc3 Bd8 26. Bxc5 dxc5 27. Nb3 Qc7 28.
Nb5 Qd7 29. Qc3 Qe7 30. d6 Qd7 31. Qxe5 Bg6 32. Rd2 Rb7 33. Rbd1 Nh5 34. Qc3
Nf4 35. Nc1 f6 36. Ne2 Ne6 37. e5 Bf7 38. Bf5 g6 39. Bxe6 Qxe6 40. d7 Rc6 41.
Nd6 Rxd6 42. Rxd6 Qxc4 43. Qxc4 Bxc4 44. Nc3 f5 45. Nd5 Bb3 46. Re1 Kf8 47. e6
Bxd5 48. e7+ Bxe7 49. d8=Q+ Bxd8 50. Rxd8+ Kf7 51. Rxd5 Rc7 52. Rd6 c4 53. Rxb6
c3 54. Rc1 Rc4 55. Rb3 Rxa4 56. Rcxc3 Kg7 57. Ra3 Rb4 58. Rxa5 Rb7 59. Rac5 Kh6
60. Rc7 Rb6 61. Rd7 Rb8 62. Rcd3 Ra8 63. Rd8 Ra6 64. R3d7 Ra1+ 65. Kf2 Ra2+ 66.
Kg3 f4+ 67. Kh3 g5 68. Rh8 Kg6 69. Rhxh7 Rb2 70. Rhg7+ Kh6 71. Rge7 Rb6 72. Rd8
Kg6 73. Red7 Rb2 74. Rd5 Kf6 75. R8d6+ Ke7 76. Rg6 Kf7 77. Rgxg5 Ke6 78. Ra5
Kf6 79. Rgf5+ Ke6 80. Rxf4 Rc2 81. Rh4 Kf6 82. Rh6+ Kg7 83. Rb6 Rc7 84. Rg5+
Kf7 85. Rf5+ Kg7 86. Rb4 Kg6 87. Rf8 Kg7 88. Rff4 Rc6 89. Rb5 Rh6+ 90. Kg3 Rc6
91. Rg5+ Kh6 92. Kg4 Rc2 93. g3 Rb2 94. Rf8 Kh7 95. f4 Rb3 96. f5 Rb4+ 97. Kh3
Kh6 98. Rg4 Kh7 1-0

[Event "Dortmunder SV 1 - SV Welper 2"]
[Site "Verbandsklasse, Gr. 1 2022/20"]
[Date "2022.09.25"]
[Round "2"]
[White "Haneberg, Alexander"]
[Black "Wallhof, Dieter"]
[Result "1-0"]
[WhiteElo "1759"]
[BlackElo "1793"]
[PlyCount "131"]
[EventDate "2022.??.??"]
[SourceDate "2022.10.02"]

1. Nf3 d5 2. d4 Nf6 3. Bf4 c6 4. Nbd2 Bf5 5. c3 h6 6. Qb3 Qc8 7. h3 Nbd7 8. e3
e6 9. c4 Be7 10. Be2 O-O 11. Rc1 Re8 12. O-O g5 13. Bg3 Bg6 14. a4 a5 15. Ne5
Nxe5 16. Bxe5 Nd7 17. Bh2 Bb4 18. Nf3 Be4 19. Rfd1 dxc4 20. Bxc4 Bd5 21. Qd3
Nb6 22. b3 Bxc4 23. bxc4 Nxa4 24. Rc2 Nb6 25. Ne5 Bf8 26. e4 Bg7 27. c5 Nd7 28.
Nc4 Bf8 29. e5 Rd8 30. Qe3 Be7 31. h4 Ra7 32. hxg5 (32. Nd6 $1 Bxd6 33. cxd6 {
mit vielfaeltigen Drohungen, zum Beispiel} Nf8 34. hxg5 Ng6 35. gxh6 Kh7 36. d5
Ra8 37. dxc6 bxc6 38. Qf3) 32... hxg5 33. Rd3 Nf8 34. Qf3 Ng6 35. Qh5 Kg7 36.
Qf3 Rh8 37. Bg3 Rh7 38. Ra2 a4 39. Rda3 Qh8 40. Kf1 Rh1+ 41. Ke2 Rc1 42. Rc3
Rb1 43. Nd2 Rg1 44. Nf1 Rh1 45. Rca3 Ra5 46. Rxa4 Rb5 47. Ra1 Rb2+ 48. Nd2 Rxa1
49. Rxa1 Qh6 50. Qc3 Rb5 51. Ra2 Qh1 52. Qf3 Qc1 53. Qa3 Qh1 54. Qf3 g4 55. Qe4
Bg5 56. Nf1 Rb4 57. Ke1 Rc4 58. Ra1 Ne7 59. Qxg4 Ng6 60. Qxg5 Rxd4 61. Qf6+ Kg8
62. Ra8+ Kh7 63. Qxf7+ Kh6 64. Qf3 Rc4 65. Bf4+ Rxf4 66. Qxf4+ 1-0

[Event "Unna- Oberhausen"]
[Site "?"]
[Date "2022.09.25"]
[Round "2.1"]
[White "Puetter, Pascal"]
[Black "Barskij, Aleksandr"]
[Result "1/2-1/2"]
[WhiteElo "2002"]
[BlackElo "1882"]
[PlyCount "26"]
[SourceDate "2022.10.02"]

1. d4 Nf6 2. c4 e6 3. g3 Bb4+ 4. Bd2 Be7 5. Bg2 d5 6. Nf3 O-O 7. O-O b6 8. cxd5
exd5 9. Nc3 Bb7 10. Bf4 Nh5 11. Bd2 Nf6 12. Bf4 Nh5 13. Bd2 Nf6 1/2-1/2

[Event "Unna- Oberhausen"]
[Site "?"]
[Date "2022.09.25"]
[Round "2.2"]
[White "Morawietz, Manuel"]
[Black "Kyas, Jens- Stefan"]
[Result "0-1"]
[WhiteElo "1921"]
[BlackElo "1629"]
[PlyCount "46"]
[SourceDate "2022.10.02"]

1. e4 e6 2. d4 d5 3. Nc3 dxe4 4. Nxe4 Nd7 5. Nf3 Ngf6 6. Bd3 Be7 7. O-O O-O 8.
c3 b6 9. Re1 Bb7 10. Ng3 c5 11. Bf4 Nd5 12. Qd2 cxd4 13. Nxd4 Nxf4 14. Qxf4 e5
15. Rxe5 Nxe5 16. Qxe5 Bf6 17. Qf4 Re8 18. Ngf5 Qd5 19. f3 Qe5 20. Qg4 g6 21.
f4 Qc5 22. Nh6+ Kg7 23. Nhf5+ Kf8 0-1

[Event "Unna- Oberhausen"]
[Site "?"]
[Date "2022.09.25"]
[Round "2.5"]
[White "Matthes, Severin Johannes"]
[Black "Franck, Axel"]
[Result "1/2-1/2"]
[WhiteElo "1870"]
[BlackElo "1710"]
[PlyCount "70"]
[SourceDate "2022.10.02"]

1. e4 g6 2. d4 Bg7 3. Nf3 d6 4. Bc4 e6 5. Nc3 Nc6 6. Be3 Bd7 7. Qd2 a6 8. a4
Nf6 9. Bh6 O-O 10. e5 Ne8 11. Bxg7 Kxg7 12. h4 h6 13. Rd1 Qe7 14. O-O d5 15.
Bd3 Nb4 16. Ra1 Rc8 17. Ne2 c5 18. c3 Nxd3 19. Qxd3 c4 20. Qe3 Kh7 21. g4 Rg8
22. Ng3 Ng7 23. Kg2 Rcf8 24. Rh1 Rh8 25. Nd2 f5 26. exf6 Qxf6 27. g5 Qf4 28.
Qxf4 Rxf4 29. h5 gxh5 30. Nxh5 Nxh5 31. Rxh5 Kg6 32. Rxh6+ Rxh6 33. gxh6 Kxh6
34. Kg3 Rf5 35. Nf3 Be8 1/2-1/2